000 00304nam a22001337a 4500
008 181102b xxu||||| |||| 00| 0 eng d
020 _a9780534506551
041 _aeng
080 _25 TH
_a159.9
100 _a48
101 _aPSI
245 _aMorality In Practice
_cSterba.J.P
942 _2udc
_cBK
999 _c51635
_d51635